[Event "Managua Ramirez de Arellano Memorial"]
[Site "Managua"]
[Date "2022.07.31"]
[Round "6"]
[White "Berrios, Natanael"]
[Black "Avalos, Carlos"]
[Result "1/2-1/2"]
[WhiteElo "1793"]
[BlackElo "1822"]
[PlyCount "34"]
[EventDate "2022.07.23"]
[EventType "swiss"]
[EventRounds "9"]
[EventCountry "NCA"]
[SourceTitle "EXT 2024"]
[Source "ChessBase"]
[SourceDate "2023.10.10"]
[SourceVersion "1"]
[SourceVersionDate "2023.10.10"]
[SourceQuality "1"]

1. d4 d5 2. c4 e6 3. Nf3 a6 4. e3 Nf6 5. a3 dxc4 6. Bxc4 b5 7. Bd3 c5 8. 0-0 Bb7 9. Be2 Nc6 10. Nc3 cxd4 11. exd4 Be7 12. h3 0-0 13. Be3 Nd5 14. Nxd5 Qxd5 15. Qd3 Rfd8 16. Rfd1 Bf6 17. b4 e5 1/2-1/2

[Event "Managua Ramirez de Arellano Memorial"]
[Site "Managua"]
[Date "2022.07.30"]
[Round "4"]
[White "Avalos, Carlos"]
[Black "Vanegas Lopez, Natanael Emanuel"]
[Result "1/2-1/2"]
[WhiteElo "1822"]
[BlackElo "1824"]
[PlyCount "27"]
[EventDate "2022.07.23"]
[EventType "swiss"]
[EventRounds "9"]
[EventCountry "NCA"]
[SourceTitle "EXT 2024"]
[Source "ChessBase"]
[SourceDate "2023.10.10"]
[SourceVersion "1"]
[SourceVersionDate "2023.10.10"]
[SourceQuality "1"]

1. Nf3 d5 2. c4 e6 3. e3 Nf6 4. Nc3 Be7 5. Be2 0-0 6. b3 c5 7. cxd5 Nxd5 8. Nxd5 Qxd5 9. Bb2 Nc6 10. 0-0 e5 11. d4 e4 12. Ne5 Nxe5 13. dxe5 Be6 14. Qc2 1/2-1/2

[Event "NCA-ch Fase 2"]
[Site "Managua"]
[Date "2022.01.23"]
[Round "3"]
[White "Martinez Thomas, Gregory Aubrey"]
[Black "Avalos, Carlos"]
[Result "1/2-1/2"]
[WhiteElo "1461"]
[BlackElo "1784"]
[PlyCount "55"]
[EventDate "2022.01.22"]
[EventType "swiss"]
[EventRounds "9"]
[EventCountry "NCA"]
[SourceTitle "CBM 207 Extra"]
[Source "ChessBase"]
[SourceDate "2022.05.31"]
[SourceVersion "1"]
[SourceVersionDate "2022.05.31"]
[SourceQuality "1"]

1. e4 c6 2. d4 d5 3. exd5 cxd5 4. Bd3 Nc6 5. c3 Qc7 6. h3 Nf6 7. Nf3 e6 8. 0-0 Bd6 9. Re1 Bf4 10. Ne5 Bxc1 11. Qxc1 0-0 12. Nd2 Ne8 13. Qd1 Nxe5 14. dxe5 Qe7 15. Re3 Bd7 16. Nf3 Rc8 17. h4 g6 18. h5 Ng7 19. Nh2 Nxh5 20. Be2 Nf4 21. Ng4 Nxe2+ 22. Qxe2 h5 23. Nf6+ Kh8 24. Rh3 Rg8 25. Rxh5+ Kg7 26. Rh7+ Kf8 27. Qe3 Qd8 28. Nxg8 1/2-1/2

[Event "Managua Hurtado Memorial op"]
[Site "Managua"]
[Date "2021.12.29"]
[Round "7"]
[White "Avalos, Carlos"]
[Black "Rodriguez, Fausto"]
[Result "1/2-1/2"]
[WhiteElo "1784"]
[BlackElo "1962"]
[PlyCount "100"]
[EventDate "2021.12.26"]
[EventType "swiss"]
[EventRounds "9"]
[EventCountry "NCA"]
[SourceTitle "CBM 206 Extra"]
[Source "ChessBase"]
[SourceDate "2022.03.31"]
[SourceVersion "1"]
[SourceVersionDate "2022.03.31"]
[SourceQuality "1"]

1. d4 Nf6 2. Nc3 d5 3. Bf4 e6 4. e3 Bb4 5. a3 Bxc3+ 6. bxc3 c5 7. f3 Qa5 8. Qd2 Nc6 9. Ne2 c4 10. g4 h6 11. Bg2 g5 12. Bg3 Nh7 13. e4 f5 14. e5 Ne7 15. h3 Bd7 16. Qc1 0-0-0 17. Qb2 f4 18. Bf2 Ng6 19. Rb1 Bc6 20. Nc1 Qc7 21. Na2 a5 22. Qb6 Nhf8 23. Qxc7+ Kxc7 24. Kd2 Nd7 25. h4 Ne7 26. hxg5 hxg5 27. Rxh8 Rxh8 28. Rh1 Rxh1 29. Bxh1 Nb6 30. Bg2 Na4 31. Nc1 Be8 32. Ne2 Bg6 33. Ng1 Nc6 34. Nh3 Na7 35. Nxg5 Kd7 36. Nh3 Nb5 37. Nxf4 Bf7 38. Ne2 Nxa3 39. Be1 Bg6 40. f4 Nxc2 41. f5 Nxe1 42. Kxe1 Bf7 43. Bh3 b5 44. g5 exf5 45. Bxf5+ Ke7 46. g6 Bg8 47. Kd2 b4 48. cxb4 axb4 49. Bc2 Nb6 50. Nf4 Na8 1/2-1/2

[Event "Managua Hurtado Memorial op"]
[Site "Managua"]
[Date "2021.12.27"]
[Round "2"]
[White "Fonseca Trana, Norlan Antonio"]
[Black "Avalos, Carlos"]
[Result "0-1"]
[WhiteElo "1457"]
[BlackElo "1784"]
[PlyCount "60"]
[EventDate "2021.12.26"]
[EventType "swiss"]
[EventRounds "9"]
[EventCountry "NCA"]
[SourceTitle "CBM 206 Extra"]
[Source "ChessBase"]
[SourceDate "2022.03.31"]
[SourceVersion "1"]
[SourceVersionDate "2022.03.31"]
[SourceQuality "1"]

1. e4 c5 2. c3 Nf6 3. d3 Nc6 4. Nf3 e5 5. Be2 Be7 6. Nbd2 0-0 7. Nc4 Qc7 8. 0-0 d5 9. exd5 Nxd5 10. Bg5 f6 11. Bd2 Be6 12. Ne3 Nf4 13. Re1 Rfd8 14. Qc2 Qd7 15. Rad1 Nxe2+ 16. Rxe2 Qxd3 17. Qxd3 Rxd3 18. Bc1 Rxd1+ 19. Nxd1 Bxa2 20. b4 Bb3 21. Ne3 cxb4 22. Nd2 Be6 23. cxb4 Nd4 24. Re1 Bxb4 25. Nef1 Rc8 26. Bb2 Nb3 27. Rd1 Nxd2 28. Nxd2 Rd8 29. h3 Rxd2 30. Rxd2 Bxd2 0-1

[Event "NCA-chT 1st Stage"]
[Site "Managua"]
[Date "2021.10.09"]
[Round "7.4"]
[White "Allen Montes, Charles Mijail"]
[Black "Avalos, Carlos"]
[Result "1/2-1/2"]
[WhiteElo "1449"]
[BlackElo "1827"]
[PlyCount "70"]
[EventDate "2021.09.25"]
[EventType "team-swiss"]
[EventRounds "9"]
[EventCountry "NCA"]
[SourceTitle "EXT 2023"]
[Source "ChessBase"]
[SourceDate "2022.10.05"]
[SourceVersion "1"]
[SourceVersionDate "2022.10.05"]
[SourceQuality "1"]
[WhiteTeam "Sunrise CC"]
[BlackTeam "Clemente Guido"]
[WhiteTeamCountry "NCA"]
[BlackTeamCountry "NCA"]

1. e4 d6 2. d4 e5 3. dxe5 dxe5 4. Qxd8+ Kxd8 5. Nc3 Be6 6. Bd3 c6 7. a3 Nd7 8. Be3 Bc5 9. Bg5+ f6 10. Bh4 h5 11. f3 Nh6 12. Na4 Be7 13. Ne2 Kc7 14. 0-0 b5 15. Nac3 g5 16. Bf2 Nc5 17. b4 Nxd3 18. cxd3 a5 19. Rab1 axb4 20. axb4 Rhd8 21. d4 Bc4 22. Rfd1 Nf7 23. d5 Rd7 24. Bc5 Nd6 25. Ng3 h4 26. Bxd6+ Bxd6 27. Nf5 Ra3 28. dxc6 Kxc6 29. Nd5 Bf8 30. Nfe3 Bxd5 31. Nxd5 Ra4 32. Rdc1+ Kb7 33. Rc2 f5 34. h3 fxe4 35. fxe4 Rg7 1/2-1/2

[Event "NCA-chT 1st Stage"]
[Site "Managua"]
[Date "2021.09.26"]
[Round "3.4"]
[White "Avalos, Carlos"]
[Black "Granados Lopez, Fidel"]
[Result "0-1"]
[WhiteElo "1827"]
[BlackElo "1796"]
[PlyCount "72"]
[EventDate "2021.09.25"]
[EventType "team-swiss"]
[EventRounds "9"]
[EventCountry "NCA"]
[SourceTitle "EXT 2023"]
[Source "ChessBase"]
[SourceDate "2022.10.05"]
[SourceVersion "1"]
[SourceVersionDate "2022.10.05"]
[SourceQuality "1"]
[WhiteTeam "Clemente Guido"]
[BlackTeam "Diamante de Las Segovias"]
[WhiteTeamCountry "NCA"]
[BlackTeamCountry "NCA"]

1. d4 d5 2. e3 Nf6 3. Bd3 e6 4. Nd2 Be7 5. f4 Ne4 6. Nxe4 dxe4 7. Bxe4 0-0 8. Nf3 c5 9. 0-0 Qb6 10. c3 Bf6 11. Ne5 a5 12. Qf3 a4 13. g4 Be7 14. g5 f5 15. gxf6 Rxf6 16. Bxh7+ Kxh7 17. Qh5+ Rh6 18. Qe8 Qd8 19. Qb5 b6 20. Qd3+ Kg8 21. e4 Ba6 22. Nc4 Nc6 23. f5 Rh4 24. b3 axb3 25. Bf4 bxa2 26. f6 Bxf6 27. e5 Nxe5 28. Bxe5 Bxe5 29. Rxa2 Bxc4 30. Rxa8 Qxa8 31. Qxc4 Rg4+ 32. Kf2 Qg2+ 33. Ke1 Qe4+ 34. Kd1 Qb1+ 35. Ke2 Qc2+ 36. Kf3 Qe4+ 0-1

[Event "Managua Gomez Argenal Memorial"]
[Site "Managua"]
[Date "2021.06.13"]
[Round "6"]
[White "Avalos, Carlos"]
[Black "Ruiz Treminio, Bismark"]
[Result "1-0"]
[WhiteElo "1844"]
[BlackElo "1112"]
[PlyCount "75"]
[EventDate "2021.05.29"]
[EventType "swiss"]
[EventRounds "9"]
[EventCountry "NCA"]
[SourceTitle "EXT 2022"]
[Source "ChessBase"]
[SourceDate "2021.10.06"]
[SourceVersion "1"]
[SourceVersionDate "2021.10.06"]
[SourceQuality "1"]

1. e4 e5 2. Nf3 Nc6 3. Nc3 Nf6 4. d4 exd4 5. Nxd4 Bb4 6. Nxc6 bxc6 7. Bd3 Qe7 8. 0-0 0-0 9. Qf3 d6 10. Bg5 Qe5 11. Bxf6 Qxf6 12. Qxf6 gxf6 13. Ne2 Bd2 14. Rad1 Bh6 15. Nd4 Bd7 16. Bc4 Rab8 17. b3 c5 18. Nf5 Bxf5 19. exf5 Rfe8 20. f4 Re4 21. g3 Rbe8 22. Kf2 a5 23. Rfe1 Rxe1 24. Rxe1 Rxe1 25. Kxe1 Kf8 26. Bd5 Ke8 27. Ke2 Bf8 28. Kd3 Kd7 29. Bxf7 c6 30. c4 h6 31. a4 Ke7 32. Be6 h5 33. Ke4 Bh6 34. Kf3 Bg7 35. Kg2 Kf8 36. Kh3 Bh8 37. Kh4 Kg7 38. Kxh5 1-0

[Event "NCA-ch sf"]
[Site "Managua"]
[Date "2021.02.27"]
[Round "7"]
[White "Avalos, Carlos"]
[Black "Arevalo Lopez, Josue"]
[Result "0-1"]
[WhiteElo "1854"]
[BlackElo "2037"]
[PlyCount "68"]
[EventDate "2021.02.13"]
[EventType "swiss"]
[EventRounds "9"]
[EventCountry "NCA"]
[SourceTitle "EXT 2022"]
[Source "ChessBase"]
[SourceDate "2021.10.06"]
[SourceVersion "1"]
[SourceVersionDate "2021.10.06"]
[SourceQuality "1"]

1. e4 e5 2. Nf3 Nc6 3. Nc3 Nf6 4. d4 exd4 5. Nxd4 Bb4 6. Nxc6 bxc6 7. Bd3 d5 8. exd5 cxd5 9. 0-0 0-0 10. h3 h6 11. Qf3 c6 12. Bf4 a5 13. a3 Bd6 14. Rfe1 Be6 15. Be5 a4 16. Bf5 Bxe5 17. Rxe5 Nd7 18. Re2 Qf6 19. Bxe6 fxe6 20. Qg3 e5 21. Qg4 Qf5 22. Qb4 Rf6 23. Nxa4 Rg6 24. Kh1 e4 25. b3 Rf8 26. Qd4 Rxg2 27. Kxg2 Qf3+ 28. Kg1 Qxe2 29. Nc3 Qf3 30. Re1 Rf5 31. Ne2 Qxh3 32. Ng3 Ne5 33. Re3 Nf3+ 34. Rxf3 exf3 0-1

[Event "NCA-ch Fiestas Patrias op"]
[Site "Managua"]
[Date "2020.09.06"]
[Round "9"]
[White "Avalos, Carlos"]
[Black "Granados Diaz, Maria Esther"]
[Result "1/2-1/2"]
[WhiteElo "1854"]
[BlackElo "1839"]
[PlyCount "40"]
[EventDate "2020.08.29"]
[EventType "swiss"]
[EventRounds "9"]
[EventCountry "NCA"]
[SourceTitle "EXT 2022"]
[Source "ChessBase"]
[SourceDate "2021.10.06"]
[SourceVersion "1"]
[SourceVersionDate "2021.10.06"]
[SourceQuality "1"]

1. e4 Nf6 2. Nc3 e5 3. Nf3 Bb4 4. Bc4 0-0 5. 0-0 d6 6. d3 h6 7. a3 Ba5 8. b4 Bb6 9. Na4 Bg4 10. Nxb6 axb6 11. Bb2 Nc6 12. h3 Bh5 13. Qd2 Bxf3 14. gxf3 Nh5 15. Kh2 Nf4 16. Rg1 Qh4 17. Rg3 Rae8 18. Qd1 Ra8 19. Qd2 Rae8 20. Qd1 Ra8 1/2-1/2

[Event "NCA-ch Fiestas Patrias op"]
[Site "Managua"]
[Date "2020.09.06"]
[Round "8"]
[White "Espinoza Solano, Jose Nahum"]
[Black "Avalos, Carlos"]
[Result "1-0"]
[WhiteElo "2082"]
[BlackElo "1854"]
[PlyCount "95"]
[EventDate "2020.08.29"]
[EventType "swiss"]
[EventRounds "9"]
[EventCountry "NCA"]
[SourceTitle "EXT 2022"]
[Source "ChessBase"]
[SourceDate "2021.10.06"]
[SourceVersion "1"]
[SourceVersionDate "2021.10.06"]
[SourceQuality "1"]

1. e4 d5 2. exd5 Nf6 3. Bb5+ Nbd7 4. c4 a6 5. Ba4 b5 6. cxb5 axb5 7. Bxb5 Bb7 8. Nc3 Nxd5 9. Nf3 c6 10. Bc4 e6 11. 0-0 Bd6 12. d4 0-0 13. Re1 Qc7 14. Nxd5 exd5 15. Bd3 Ba6 16. Bg5 Bxd3 17. Qxd3 Rfb8 18. b3 Nf8 19. Bh4 Ng6 20. Bg3 Bxg3 21. hxg3 Ra3 22. Rec1 Rba8 23. Rc2 R8a6 24. Qc3 Qa7 25. Rac1 h6 26. Qe3 Qd7 27. Qe2 f6 28. Ne1 Qe7 29. Qd2 Qd6 30. Nd3 Ne7 31. Nc5 Rb6 32. b4 Kf7 33. Rc3 Ra8 34. Rb3 Rab8 35. a4 Ng6 36. Rcb1 Nf8 37. b5 Ne6 38. Qc3 cxb5 39. Rxb5 Rxb5 40. Rxb5 Rxb5 41. axb5 Qb6 42. Nxe6 Kxe6 43. Qc5 Qa5 44. b6 Qa1+ 45. Kh2 Qd1 46. Qc8+ Kd6 47. g4 Qxd4 48. b7 1-0